[Event "WM Reykjavik"]
[Site "Reykjavik"]
[Date "1972.??.??"]
[Round "?"]
[White "Fischer, R."]
[Black "Spassky, B."]
[Result "1/2-1/2"]
[WhiteElo "2700"]
[BlackElo "2565"]
[PlyCount "109"]
[EventDate "1972.??.??"]
[Source "www.chesslib.no"]
[SourceDate "2004.05.04"]

1. e4 c5 2. Nf3 Nc6 3. d4 cxd4 4. Nxd4 Nf6 5. Nc3 d6 6. Bg5 e6 7. Qd2 a6 8. O-O-O Bd7 9. f4 Be7 10. Be2 O-O 11. Bf3 h6 12. Bh4 Nxe4 13. Bxe7 Nxd2 14. Bxd8 Nxf3 15. Nxf3 Rfxd8 16. Rxd6 Kf8 17. Rhd1 Ke7 18. Na4 Be8 19. Rxd8 Rxd8 20. Nc5 Rb8 21. Rd3 a5 22. Rb3 b5 23. a3 a4 24. Rc3 Rd8 25. Nd3 f6 26. Rc5 Rb8 27. Rc3 g5 28. g3 Kd6 29. Nc5 g4 30. Ne4+ Ke7 31. Ne1 Rd8 32. Nd3 Rd4 33. Nef2 h5 34. Rc5 Rd5 35. Rc3 Nd4 36. Rc7+ Rd7 37. Rxd7+ Bxd7 38. Ne1 e5 39. fxe5 fxe5 40. Kd2 Bf5 41. Nd1 Kd6 42. Ne3 Be6 43. Kd3 Bf7 44. Kc3 Kc6 45. Kd3 Kc5 46. Ke4 Kd6 47. Kd3 Bg6+ 48. Kc3 Kc5 49. Nd3+ Kd6 50. Ne1 Kc6 51. Kd2 Kc5 52. Nd3+ Kd6 53. Ne1 Ne6 54. Kc3 Nd4 55. Kd2 1/2-1/2

[Event "Biel"]
[Site "Biel"]
[Date "1991.??.??"]
[Round "13"]
[White "Adams, Michael"]
[Black "Christiansen, Larry Mark"]
[Result "1/2-1/2"]
[WhiteElo "2615"]
[BlackElo "2600"]
[PlyCount "92"]
[EventDate "1991.07.??"]
[Source "ChessBase"]

1. e4 c5 2. Nf3 d6 3. d4 cxd4 4. Nxd4 Nf6 5. Nc3 Nc6 6. Bg5 e6 7. Qd2 a6 8. O-O-O Bd7 9. f4 Be7 10. Nf3 b5 11. e5 b4 12. exf6 bxc3 13. Qxc3 gxf6 14. Bh4 d5 15. Kb1 Rc8 16. Nd4 Qb6 17. Nxc6 Qxc6 18. Qd2 Rb8 19. Ka1 Qa4 20. b3 Qa3 21. Bd3 a5 22. Qc3 a4 23. Rb1 Rg8 24. g3 e5 25. Qb2 Qxb2+ 26. Kxb2 a3+ 27. Kc1 e4 28. Be2 d4 29. Rd1 d3 30. cxd3 e3 31. Rf1 Bb4 32. Kd1 Ke7 33. f5 Rgc8 34. Rf4 Bd2 35. g4 Bc6 36. Rd4 Bg2 37. Ra4 Ra8 38. Rc4 Bd5 39. Kc2 Bxc4 40. dxc4 Rd8 41. g5 fxg5 42. Bxg5+ f6 43. Bf4 Ra5 44. Bc7 Rxf5 45. Bxd8+ Kxd8 46. Kd3 Rf4 1/2-1/2

[Event "Wch13"]
[Site "Wch13"]
[Date "1990.??.??"]
[Round "?"]
[White "Sorri, J."]
[Black "Svenson, U."]
[Result "0-1"]
[WhiteElo "2525"]
[BlackElo "2665"]
[PlyCount "86"]
[EventDate "1990.??.??"]
[Source "www.chesslib.no"]
[SourceDate "2004.05.04"]

1. e4 c5 2. Nf3 Nc6 3. d4 cxd4 4. Nxd4 Nf6 5. Nc3 d6 6. Bg5 e6 7. Qd2 a6 8. O-O-O Bd7 9. f4 Be7 10. Nf3 b5 11. e5 b4 12. exf6 bxc3 13. Qxc3 gxf6 14. Kb1 d5 15. Bh4 Na5 16. f5 Rc8 17. Qd2 Qc7 18. fxe6 fxe6 19. Bd3 Nc4 20. Bxc4 Qxc4 21. Rhe1 h5 22. Re3 a5 23. Nd4 e5 24. Qf2 Rf8 25. Nf5 Qg4 26. Rf1 Bxf5 27. Qxf5 Rc4 28. g3 Qxf5 29. Rxf5 Re4 30. Rff3 f5 31. Bxe7 Kxe7 32. Kc1 h4 33. Rb3 Re2 34. Rfe3 Rxe3 35. Rxe3 e4 36. Kd2 Ke6 37. Ra3 Rg8 38. Ke2 d4 39. Rb3 f4 40. Rb6+ Kf5 41. Rb5+ Kg4 42. gxf4 Kxf4 43. Kf1 Rc8 0-1

[Event "Yerevan ol (Men)"]
[Site "Yerevan"]
[Date "1996.??.??"]
[Round "1"]
[White "Polgar, Judit"]
[Black "Stanec, Nikolaus"]
[Result "1-0"]
[WhiteElo "2665"]
[BlackElo "2505"]
[PlyCount "67"]
[EventDate "1996.09.??"]
[Source "www.chesslib.no"]
[SourceDate "2004.05.04"]

1. e4 c5 2. Nf3 d6 3. d4 cxd4 4. Nxd4 Nf6 5. Nc3 Nc6 6. Bg5 e6 7. Qd2 a6 8. O-O-O Bd7 9. f4 Be7 10. Nf3 b5 11. Kb1 b4 12. Bxf6 Bxf6 13. Ne2 Be7 14. g4 O-O 15. Ng3 Qa5 16. g5 Na7 17. Nd4 Rfb8 18. f5 Nb5 19. Nb3 Qd8 20. h4 a5 21. Bxb5 Bxb5 22. Nd4 a4 23. fxe6 fxe6 24. Nxe6 Qc8 25. Nxg7 Bc4 26. N3f5 Bf8 27. Nh5 b3 28. cxb3 axb3 29. Nh6+ Bxh6 30. gxh6 Qe6 31. Qd4 Qe5 32. Qxc4+ Kh8 33. Qd4 Rxa2 34. Rh3 1-0

[Event "Geneve"]
[Site "Geneva SUI"]
[Date "1977.??.??"]
[Round "8"]
[White "Byrne, Robert E"]
[Black "Timman, Jan H"]
[Result "1/2-1/2"]
[WhiteElo "2580"]
[BlackElo "2590"]
[PlyCount "53"]
[EventDate "1977.04.??"]
[Source "www.chesslib.no"]
[SourceDate "2004.05.04"]

1. e4 c5 2. Nf3 Nc6 3. d4 cxd4 4. Nxd4 Nf6 5. Nc3 d6 6. Bg5 e6 7. Qd2 a6 8. O-O-O Bd7 9. f4 Be7 10. Be2 Qb6 11. Nf3 O-O-O 12. Rhe1 h6 13. Bh4 Kb8 14. Bf1 Bc8 15. Bf2 Qc7 16. Nd4 d5 17. e5 Nd7 18. Kb1 g6 19. a3 b6 20. b4 Bb7 21. Nce2 Na7 22. Nc1 Rc8 23. Ncb3 Ka8 24. Rc1 Qc3 25. Qxc3 Rxc3 26. Kb2 Rhc8 27. Bd3 1/2-1/2

[Event "Solingen"]
[Site "Solingen GER"]
[Date "1974.??.??"]
[Round "1"]
[White "Kavalek, Lubomir"]
[Black "Liberzon, Vladimir M"]
[Result "1/2-1/2"]
[WhiteElo "2625"]
[BlackElo "2515"]
[PlyCount "118"]
[EventDate "1974.??.??"]
[Source "www.chesslib.no"]
[SourceDate "2004.05.04"]

1. e4 c5 2. Nf3 Nc6 3. d4 cxd4 4. Nxd4 Nf6 5. Nc3 d6 6. Bg5 e6 7. Qd2 a6 8. O-O-O Bd7 9. f4 Be7 10. Be2 h6 11. Bh4 b5 12. Bf3 Rc8 13. Nxc6 Bxc6 14. Bxf6 Bxf6 15. Qxd6 Qxd6 16. Rxd6 Bxc3 17. bxc3 Ke7 18. Rhd1 Rc7 19. R1d3 Rhc8 20. e5 Bxf3 21. Rxf3 a5 22. Ra6 a4 23. Rb6 Rc5 24. Rb7+ R8c7 25. Rxc7+ Rxc7 26. Kd2 Rc4 27. a3 g5 28. g3 gxf4 29. Rxf4 Rc5 30. Re4 Rd5+ 31. Ke2 h5 32. h3 Kf8 33. Ke3 Kg7 34. c4 bxc4 35. Kf4 c3 36. Rc4 f6 37. exf6+ Kxf6 38. Rxc3 Rd4+ 39. Ke3 Kf5 40. Rc4 Rd1 41. Kf2 Ra1 42. Rf4+ Kg6 43. Rxa4 Ra2 44. Re4 Kf6 45. a4 Rxc2+ 46. Re2 Rc5 47. Ra2 Ra5 48. Ke3 Kf5 49. Kd4 e5+ 50. Kc4 Ke4 51. Ra3 h4 52. Kb4 Ra8 53. a5 Kd4 54. Kb5 e4 55. gxh4 e3 56. a6 e2 57. Ra1 Ke3 58. a7 Kf2 59. Kb6 Rh8 1/2-1/2

[Event "Chigorin Memorial"]
[Site "St. Petersburg"]
[Date "2004.10.24"]
[Round "9.3"]
[White "Efimenko, Zahar"]
[Black "Lutsko, Igor"]
[Result "1/2-1/2"]
[WhiteElo "2594"]
[BlackElo "2520"]
[PlyCount "67"]
[EventDate "2004.10.15"]
[Source "Roberto Alvarez"]
[SourceDate "2004.11.08"]

1. e4 c5 2. Nf3 d6 3. d4 cxd4 4. Nxd4 Nf6 5. Nc3 Nc6 6. Bg5 e6 7. Qd2 a6 8. O-O-O Bd7 9. f4 Be7 10. Be2 Rc8 11. Nxc6 Bxc6 12. Bf3 b5 13. Bxf6 gxf6 14. f5 O-O 15. Kb1 Kh8 16. h4 Rg8 17. g4 Bb7 18. g5 Rc4 19. Be2 Rc5 20. Qd4 Re5 21. Bh5 Rg7 22. Rhf1 fxg5 23. Qa7 Bc8 24. hxg5 Bxg5 25. Qb8 Be7 26. f6 Bxf6 27. Rxd6 Qg8 28. Rxf6 Rxh5 29. Rf1 Rg1 30. Rxg1 Qxg1+ 31. Rd1 Qc5 32. a3 Rg5 33. Ne2 Rg8 34. Nf4 1/2-1/2

[Event "JUG-chT"]
[Site "Novi Sad"]
[Date "2000.08.26"]
[Round "2"]
[White "Hracek, Zbynek"]
[Black "Popovic, Petar"]
[Result "1-0"]
[WhiteElo "2612"]
[BlackElo "2500"]
[PlyCount "55"]
[EventDate "2000.08.24"]
[Source "www.chesslib.no"]
[SourceDate "2004.05.04"]

1. e4 c5 2. Nf3 d6 3. d4 cxd4 4. Nxd4 Nf6 5. Nc3 Nc6 6. Bg5 e6 7. Qd2 a6 8. O-O-O Bd7 9. f4 Be7 10. Be2 h6 11. Bh4 O-O 12. Nf3 Qa5 13. Kb1 Rad8 14. Bd3 b5 15. g4 b4 16. Ne2 d5 17. Bxf6 Bxf6 18. e5 Be7 19. f5 b3 20. cxb3 Qxd2 21. Rxd2 Bc5 22. a3 Be3 23. Rc2 a5 24. Re1 Rb8 25. Ka2 Rfe8 26. Nc3 d4 27. f6 gxf6 28. Ne4 1-0

[Event "Neckar op 5th"]
[Site "Deizisau"]
[Date "2001.04.15"]
[Round "6"]
[White "Landa, Konstantin"]
[Black "Balinov, Ilija"]
[Result "1-0"]
[WhiteElo "2610"]
[BlackElo "2482"]
[PlyCount "111"]
[EventDate "2001.04.12"]
[Source "ChessBase"]
[SourceDate "2001.05.06"]

1. e4 c5 2. Nf3 d6 3. d4 Nf6 4. Nc3 cxd4 5. Nxd4 Nc6 6. Bg5 e6 7. Qd2 a6 8. O-O-O Bd7 9. f4 Be7 10. Nf3 b5 11. Bd3 b4 12. Ne2 Qb6 13. Ng3 Qc5 14. Rhe1 a5 15. e5 b3 16. a3 dxe5 17. fxe5 bxc2 18. Bxc2 Nd5 19. Ne4 Qc4 20. Bxe7 Kxe7 21. b3 Qb5 22. Nc3 Qc5 23. Nxd5+ exd5 24. Qxd5 Qxd5 25. Rxd5 Rhc8 26. Kb2 Be6 27. Rc5 Nd8 28. Rxc8 Rxc8 29. Be4 Rc5 30. Re3 Bg4 31. h3 Bxf3 32. Bxf3 Ne6 33. b4 axb4 34. axb4 Rb5 35. Kc3 Rb8 36. Re4 Nc7 37. Rc4 Nb5+ 38. Kb3 Ke6 39. Rc5 Nd4+ 40. Kc4 Nxf3 41. gxf3 h5 42. b5 Kf5 43. Kd5 Rb6 44. Kc4 Rb8 45. Rd5 Kf4 46. Kc5 Kxf3 47. Rd7 Rf8 48. b6 Ke4 49. Kd6 g5 50. b7 g4 51. hxg4 hxg4 52. Rxf7 Rg8 53. Rg7 Rxg7 54. b8=Q g3 55. Qb1+ Kf3 56. Qf1+ 1-0

[Event "Nice ol (Men)"]
[Site "Nice FRA"]
[Date "1974.??.??"]
[Round "9"]
[White "Byrne, Robert E"]
[Black "Padevsky, Nikola B"]
[Result "1/2-1/2"]
[WhiteElo "2595"]
[BlackElo "2480"]
[PlyCount "45"]
[EventDate "1974.06.06"]
[Source "www.chesslib.no"]
[SourceDate "2004.05.04"]

1. e4 c5 2. Nf3 d6 3. d4 cxd4 4. Nxd4 Nf6 5. Nc3 Nc6 6. Bg5 a6 7. Qd2 Bd7 8. O-O-O e6 9. f4 Be7 10. Be2 h6 11. Bh4 Qc7 12. Bg3 Nxd4 13. Qxd4 Bc6 14. e5 dxe5 15. fxe5 Nd7 16. Ne4 Qa5 17. Nd6+ Bxd6 18. exd6 Qxa2 19. Qxg7 Qa1+ 20. Kd2 Qa5+ 21. Kc1 Qa1+ 22. Kd2 Qa5+ 23. Kc1 1/2-1/2

[Event "IBM"]
[Site "Amsterdam"]
[Date "1979.??.??"]
[Round "1"]
[White "Byrne, Robert E"]
[Black "Torre, Eugenio"]
[Result "1/2-1/2"]
[WhiteElo "2535"]
[BlackElo "2520"]
[PlyCount "41"]
[EventDate "1979.07.??"]
[Source "ChessBase"]

1. e4 c5 2. Nf3 Nc6 3. d4 cxd4 4. Nxd4 Nf6 5. Nc3 d6 6. Bg5 e6 7. Qd2 a6 8. O-O-O Bd7 9. f4 Be7 10. Be2 O-O 11. Nf3 Qa5 12. Kb1 Rfd8 13. Bd3 Be8 14. Rhe1 Rac8 15. e5 dxe5 16. fxe5 Nd5 17. Nxd5 Rxd5 18. Qxa5 Rxa5 19. Bxe7 Nxe7 20. Be4 Nc6 21. c3 1/2-1/2

[Event "Camp. britannico 2008"]
[Site "Liverpool ING"]
[Date "2008.08.02"]
[Round "6"]
[White "Jones, G."]
[Black "Gormally, D."]
[Result "1/2-1/2"]
[WhiteElo "2549"]
[BlackElo "2504"]
[PlyCount "27"]
[EventDate "2008.07.28"]
[Source "www.chesslib.no"]
[SourceDate "2004.05.04"]

1. e4 c5 2. Nc3 Nc6 3. Nge2 d6 4. d4 cxd4 5. Nxd4 Nf6 6. Bg5 e6 7. Qd2 a6 8. O-O-O Bd7 9. f4 Be7 10. Nf3 b5 11. e5 b4 12. exf6 bxc3 13. Qxc3 gxf6 14. Bh4 1/2-1/2

[Event "LXXVII Camp. ucraino"]
[Site "Poltava UCR"]
[Date "2008.12.04"]
[Round "3"]
[White "Kravtsiv, Martyn"]
[Black "Maximov, Dmitry"]
[Result "1/2-1/2"]
[WhiteElo "2549"]
[BlackElo "2497"]
[PlyCount "37"]
[EventDate "2008.12.02"]
[Source "www.chesslib.no"]
[SourceDate "2004.05.04"]

1. e4 c5 2. Nf3 d6 3. d4 cxd4 4. Nxd4 Nf6 5. Nc3 Nc6 6. Bg5 e6 7. Qd2 a6 8. O-O-O Bd7 9. f4 Be7 10. Nf3 b5 11. e5 b4 12. exd6 bxc3 13. Qxc3 Bf8 14. f5 Qa5 15. Bxf6 gxf6 16. Qxf6 Rg8 17. fxe6 fxe6 18. Bc4 Qh5 19. Rhe1 1/2-1/2

[Event "JUG-chT"]
[Site "Niksic"]
[Date "1997.??.??"]
[Round "11"]
[White "Strikovic, Aleksa"]
[Black "Cabrilo, Goran"]
[Result "1-0"]
[WhiteElo "2560"]
[BlackElo "2485"]
[PlyCount "120"]
[EventDate "1997.08.27"]
[Source "ChessBase"]
[SourceDate "1997.09.26"]

1. e4 c5 2. Nf3 d6 3. d4 cxd4 4. Nxd4 Nf6 5. Nc3 Nc6 6. Bg5 e6 7. Qd2 a6 8. O-O-O Bd7 9. f4 Be7 10. Nf3 b5 11. Bd3 b4 12. Ne2 O-O 13. e5 dxe5 14. fxe5 Nd5 15. h4 Qa5 16. Bc4 Nb6 17. Bb3 Rfd8 18. Nf4 Be8 19. Qf2 Qc5 20. Qg3 Bxg5 21. hxg5 Rxd1+ 22. Rxd1 Rd8 23. Rxd8 Nxd8 24. Qe1 a5 25. c3 Nc6 26. Nd3 Qb5 27. Bc2 bxc3 28. bxc3 Nd5 29. Nb2 Qc5 30. Nd1 Nf4 31. Qe3 Qa3+ 32. Kb1 Nd5 33. Qe1 g6 34. Bb3 Qc5 35. Bxd5 exd5 36. Qe3 Qb5+ 37. Kc2 Bd7 38. Nd4 Nxd4+ 39. cxd4 Bf5+ 40. Kd2 Qb1 41. Nc3 Qc2+ 42. Ke1 Qxg2 43. a3 Qb2 44. Ne2 Bg4 45. Nf4 a4 46. Nxd5 Be6 47. Nf6+ Kg7 48. d5 Qb1+ 49. Ke2 Qb5+ 50. Qd3 Qb2+ 51. Kf3 Bf5 52. Qe3 Qh2 53. e6 Qh3+ 54. Ke2 Qh2+ 55. Ke1 Qh1+ 56. Kd2 Qg2+ 57. Kc3 Qc2+ 58. Kb4 Bd3 59. Qd4 Qb3+ 60. Kc5 Qxa3+ 1-0

[Event "JUG m"]
[Site "JUG"]
[Date "1995.??.??"]
[Round "3"]
[White "Ivanovic, Bozidar"]
[Black "Popovic, Petar"]
[Result "0-1"]
[WhiteElo "2495"]
[BlackElo "2545"]
[PlyCount "71"]
[EventDate "1995.??.??"]
[Source "www.chesslib.no"]
[SourceDate "2004.05.04"]

1. e4 c5 2. Nf3 d6 3. d4 cxd4 4. Nxd4 Nf6 5. Nc3 Nc6 6. Bg5 e6 7. Qd2 a6 8. O-O-O Bd7 9. f4 Be7 10. Nb3 b5 11. Bxf6 gxf6 12. Kb1 Qb6 13. f5 Ne5 14. Nd4 Rc8 15. fxe6 fxe6 16. Nce2 Nc4 17. Qh6 e5 18. Nc3 Na3+ 19. bxa3 Rxc3 20. Nb3 a5 21. Qd2 b4 22. axb4 axb4 23. Be2 Be6 24. Rhf1 O-O 25. Rf3 Qc6 26. Bd3 Kh8 27. Qh6 Qe8 28. Rg3 Qf7 29. Rf1 Ra8 30. Be2 Rxg3 31. hxg3 Bd8 32. g4 Qg7 33. Qh5 Qa7 34. Qe8+ Bg8 35. Bc4 Bb6 36. Qc6 0-1

[Event "JUG m"]
[Site "JUG"]
[Date "1995.??.??"]
[Round "1"]
[White "Ivanovic, Bozidar"]
[Black "Popovic, Petar"]
[Result "1-0"]
[WhiteElo "2495"]
[BlackElo "2545"]
[PlyCount "73"]
[EventDate "1995.??.??"]
[Source "www.chesslib.no"]
[SourceDate "2004.05.04"]

1. e4 c5 2. Nf3 d6 3. d4 cxd4 4. Nxd4 Nf6 5. Nc3 Nc6 6. Bg5 e6 7. Qd2 a6 8. O-O-O Bd7 9. f4 Be7 10. Nb3 b5 11. Bxf6 gxf6 12. Kb1 b4 13. Ne2 h5 14. Ned4 Qb6 15. f5 Nxd4 16. Nxd4 e5 17. Nf3 Rc8 18. Bd3 a5 19. Qe2 a4 20. b3 Bd8 21. Rhg1 Ke7 22. g4 hxg4 23. Rxg4 Rc3 24. h4 Qc5 25. Bc4 Bb6 26. Ne1 Qe3 27. Qxe3 Rxe3 28. Nd3 Ba5 29. Rh1 Bc6 30. Bd5 Bb5 31. Rg7 Rf8 32. h5 axb3 33. axb3 Bxd3 34. cxd3 Rxd3 35. h6 Rc3 36. h7 Rcc8 37. h8=Q 1-0

[Event "First Saturday GM - Giugno 2007"]
[Site "Budapest UNG"]
[Date "2007.06.12"]
[Round "11"]
[White "Pasalic, Harun"]
[Black "Bluvshtein, Mark"]
[Result "0-1"]
[WhiteElo "2500"]
[BlackElo "2520"]
[PlyCount "52"]
[EventDate "2007.06.02"]
[Source "www.chesslib.no"]
[SourceDate "2004.05.04"]

1. e4 c5 2. Nf3 d6 3. d4 cxd4 4. Nxd4 Nf6 5. Nc3 Nc6 6. Bg5 e6 7. Qd2 a6 8. O-O-O Bd7 9. f4 Be7 10. Nxc6 Bxc6 11. Bd3 O-O 12. Kb1 b5 13. g4 Nd7 14. Bxe7 Qxe7 15. Ne2 Nc5 16. Ng3 a5 17. Rhg1 b4 18. g5 a4 19. Qe3 b3 20. cxb3 Rfb8 21. Nh5 axb3 22. a3 Qb7 23. Nf6+ gxf6 24. gxf6+ Kh8 25. Rg7 Bxe4 26. f5 Bxd3+ 0-1

[Event "Novy Smokovec"]
[Site "Novy Smokovec"]
[Date "1992.??.??"]
[Round "?"]
[White "Hracek, Zbynek"]
[Black "Popovic, Petar"]
[Result "1/2-1/2"]
[WhiteElo "2480"]
[BlackElo "2535"]
[PlyCount "21"]
[EventDate "1992.??.??"]
[Source "ChessBase"]

1. e4 c5 2. Nf3 d6 3. d4 cxd4 4. Nxd4 Nf6 5. Nc3 Nc6 6. Bg5 e6 7. Qd2 a6 8. O-O-O Bd7 9. f4 Be7 10. Kb1 h6 11. Bh4 1/2-1/2

[Event "Bundesliga 8081"]
[Site "Germany"]
[Date "1981.??.??"]
[Round "?"]
[White "Kavalek, Lubomir"]
[Black "Kunsztowicz, Uwe"]
[Result "1/2-1/2"]
[WhiteElo "2550"]
[BlackElo "2460"]
[PlyCount "107"]
[EventDate "1980.10.??"]
[Source "ChessBase"]
[SourceDate "1999.07.01"]

1. e4 c5 2. Nf3 d6 3. d4 cxd4 4. Nxd4 Nf6 5. Nc3 Nc6 6. Bg5 e6 7. Qd2 a6 8. O-O-O Bd7 9. f4 Be7 10. Be2 Rc8 11. Bf3 Qc7 12. Nxc6 Bxc6 13. Bxf6 Bxf6 14. Qxd6 Qxd6 15. Rxd6 Bxc3 16. bxc3 Ke7 17. Rhd1 Rhd8 18. R6d4 f6 19. Kb2 e5 20. fxe5 fxe5 21. R4d3 h6 22. Bg4 Rb8 23. Bf5 Rf8 24. Rg3 g5 25. h4 Rg8 26. hxg5 Rxg5 27. Rxg5 hxg5 28. Rh1 Rd8 29. Kc1 Rd6 30. Rh7+ Kf6 31. g3 Rd8 32. Rh2 Kg7 33. Rh7+ Kf6 34. Rh6+ Kf7 35. Re6 Bxe4 36. Rxe5 Bxf5 37. Rxf5+ Kg6 38. Re5 Kh5 39. Re4 Rf8 40. Rb4 Rf3 41. Rxb7 Rxg3 42. c4 Rg4 43. Rc7 Rf4 44. Kd2 g4 45. c5 g3 46. Rg7 Kh4 47. c6 Rc4 48. c7 Kh3 49. Kd3 Rc6 50. Kd4 g2 51. Kd5 Rxc2 52. Kd6 Kh2 53. Kd7 Rd2+ 54. Ke8 1/2-1/2

[Event "San Salvador zt"]
[Site "San Salvador"]
[Date "1998.11.11"]
[Round "6"]
[White "Becerra Rivero, Julio"]
[Black "Hernandez, Gilberto"]
[Result "1/2-1/2"]
[WhiteElo "2485"]
[BlackElo "2520"]
[PlyCount "20"]
[EventDate "1998.11.05"]
[Source "ChessBase"]
[SourceDate "1999.01.01"]

1. e4 c5 2. Nf3 d6 3. d4 cxd4 4. Nxd4 Nf6 5. Nc3 Nc6 6. Bg5 e6 7. Qd2 a6 8. O-O-O Bd7 9. f4 Be7 10. Nf3 Rc8 1/2-1/2

[Event "Hastings ENG"]
[Site "Hastings ENG"]
[Date "1974.??.??"]
[Round "?"]
[White "Kuzmin, Gennadi P"]
[Black "Pytel, Krzysztof"]
[Result "1-0"]
[WhiteElo "2600"]
[BlackElo "2405"]
[PlyCount "24"]
[EventDate "1974.??.??"]
[Source "www.chesslib.no"]
[SourceDate "2004.05.04"]

1. e4 c5 2. Nf3 Nc6 3. d4 cxd4 4. Nxd4 Nf6 5. Nc3 d6 6. Bg5 e6 7. Qd2 a6 8. O-O-O Bd7 9. f4 Be7 10. Nb3 b5 11. Bxf6 gxf6 12. f5 Qb6 1-0

[Event "Camp. azerbagiano 2009"]
[Site "Baku AZE"]
[Date "2009.01.17"]
[Round "5"]
[White "Rasulov, Vugar"]
[Black "Mamedov, Nijat"]
[Result "1-0"]
[WhiteElo "2391"]
[BlackElo "2607"]
[PlyCount "109"]
[EventDate "2009.01.13"]
[Source "www.chesslib.no"]
[SourceDate "2004.05.04"]

1. e4 c5 2. Nf3 Nc6 3. d4 cxd4 4. Nxd4 Nf6 5. Nc3 d6 6. Bg5 e6 7. Qd2 a6 8. O-O-O Bd7 9. f4 Be7 10. Kb1 Nxd4 11. Qxd4 Bc6 12. Be2 Rc8 13. Bf3 O-O 14. h4 Qc7 15. h5 h6 16. Bxf6 Bxf6 17. Qxd6 Qa5 18. Qd2 Bxc3 19. Qxc3 Qxc3 20. bxc3 e5 21. Kb2 exf4 22. Rh4 Rfe8 23. Rxf4 Re5 24. Rd4 Rce8 25. c4 Kf8 26. Rf5 R5e6 27. Rf4 Ke7 28. Kc3 Re5 29. Rf5 Ke6 30. c5 f6 31. Kb4 a5+ 32. Kxa5 Ra8+ 33. Kb6 Rxa2 34. Rd6+ Ke7 35. Rxe5+ fxe5 36. Rg6 Kf7 37. c3 Rc2 38. Rd6 Rxc3 39. Rd8 Rc4 40. Rb8 Rd4 41. Kc7 Rd7+ 42. Kb6 Rd2 43. Kc7 Rd7+ 44. Kb6 Re7 45. Rd8 Kf6 46. Rd6+ Kg5 47. Rg6+ Kf4 48. Rxc6 bxc6 49. Kxc6 g5 50. hxg6 Re6+ 51. Kb7 Rxg6 52. c6 h5 53. c7 Rg7 54. Bxh5 Kxe4 55. Bd1 1-0

[Event "JUG-ch"]
[Site "Novi Sad"]
[Date "1995.??.??"]
[Round "?"]
[White "Tosic, Miroslav"]
[Black "Damljanovic, Branko"]
[Result "1/2-1/2"]
[WhiteElo "2420"]
[BlackElo "2575"]
[PlyCount "122"]
[EventDate "1995.02.??"]
[Source "ChessBase"]

1. e4 c5 2. Nf3 d6 3. d4 cxd4 4. Nxd4 Nf6 5. Nc3 Nc6 6. Bg5 e6 7. Qd2 a6 8. O-O-O Bd7 9. f4 Be7 10. Bxf6 Bxf6 11. Nf3 Be7 12. Kb1 Qc7 13. g4 O-O-O 14. h4 h6 15. Qe3 Kb8 16. Rh2 Bc8 17. Rhd2 Rhe8 18. g5 Bf8 19. Qf2 g6 20. Nh2 h5 21. Ne2 Bg7 22. Nc1 Ne7 23. Nb3 e5 24. fxe5 Bxe5 25. Nf3 Nc6 26. Nxe5 Nxe5 27. Be2 Bg4 28. Nc1 Re7 29. a3 Nc4 30. Rd4 Ne5 31. Qf6 Re6 32. Qf4 Rc8 33. R1d2 Bxe2 34. Rxe2 Qb6 35. Qe3 Nc6 36. Rd3 Qxe3 37. Rdxe3 Rce8 38. Nd3 Nd4 39. Re1 Nf5 40. R3e2 Nxh4 41. Rf2 Nf5 42. Rf4 d5 43. e5 R6e7 44. a4 a5 45. b3 b6 46. Kb2 Kb7 47. Ref1 Rh8 48. R1f3 Rd8 49. Rf2 Rdd7 50. Rxf5 gxf5 51. Rh2 Re8 52. Rxh5 Rg8 53. Nf4 d4 54. Kc1 Re7 55. Rh7 Rge8 56. Nd5 Rxe5 57. Rxf7+ Kc6 58. Nf4 Rg8 59. g6 Re1+ 60. Kd2 Rf1 61. Rf6+ Kb7 1/2-1/2

[Event "Bundesliga 0001"]
[Site "Germany"]
[Date "2001.02.17"]
[Round "8.7"]
[White "Heinemann, Thies"]
[Black "Chandler, Murray G"]
[Result "1-0"]
[WhiteElo "2468"]
[BlackElo "2526"]
[PlyCount "167"]
[EventDate "2000.10.14"]
[Source "ChessBase"]
[SourceDate "2001.07.03"]

1. e4 c5 2. Nf3 d6 3. d4 cxd4 4. Nxd4 Nf6 5. Nc3 Nc6 6. Bg5 e6 7. Qd2 a6 8. O-O-O Bd7 9. f4 Be7 10. Nf3 b5 11. e5 b4 12. exf6 bxc3 13. Qxc3 gxf6 14. Bh4 d5 15. Nd4 Rc8 16. Nxc6 Rxc6 17. Qd4 Rg8 18. f5 Qc7 19. fxe6 Rxc2+ 20. Kb1 fxe6 21. Bg3 Qc5 22. Qxc5 Rxc5 23. Bxa6 e5 24. Rhf1 d4 25. Bd3 Bc6 26. Bxh7 Rg7 27. Bc2 Bxg2 28. Rf2 Bd5 29. Bh4 Kf7 30. Rdf1 Rc6 31. Re1 Rg4 32. Bg3 e4 33. Bd1 Rg8 34. Rf5 Be6 35. Bh5+ Kg7 36. Rb5 Rc5 37. Rb7 Kf8 38. Rb8+ Rc8 39. Rxe4 Bf5 40. Rxc8+ Bxc8 41. Rxd4 Bf5+ 42. Kc1 Kg7 43. Rc4 Rh8 44. Bg4 Bxg4 45. Rxg4+ Kf7 46. Rc4 Ke6 47. Kc2 f5 48. b4 Kd5 49. Kb3 Rh3 50. Rc3 Ke4 51. b5 Bd8 52. Kb4 Be7+ 53. Ka5 Rh8 54. b6 Ra8+ 55. Kb5 Rxa2 56. b7 f4 57. Rc4+ Kd5 58. Rb4 Bd6 59. Bxf4 Ra7 60. b8=Q Bxb8 61. Bxb8 Rf7 62. Kb6 Rd7 63. Bg3 Rf7 64. Rf4 Rd7 65. Rf6 Rg7 66. Rd6+ Ke4 67. Kc6 Kf5 68. Rd7 Rg8 69. Kd5 Ra8 70. Rg7 Ra5+ 71. Kd4 Ra4+ 72. Ke3 Ra3+ 73. Kf2 Kf6 74. Rg8 Kf5 75. h4 Ra2+ 76. Kf3 Ra3+ 77. Kg2 Ra2+ 78. Kh3 Ra3 79. Rg5+ Kf6 80. Kg4 Rb3 81. Be5+ Ke6 82. h5 Rb1 83. h6 Rh1 84. Rh5 1-0

[Event "Hastings 9394"]
[Site "Hastings"]
[Date "1993.??.??"]
[Round "4"]
[White "Gurevich, Ilya"]
[Black "Hennigan, Michael"]
[Result "1-0"]
[WhiteElo "2575"]
[BlackElo "2415"]
[PlyCount "75"]
[EventDate "1993.12.??"]
[Source "ChessBase"]

1. e4 c5 2. Nf3 Nc6 3. d4 cxd4 4. Nxd4 Nf6 5. Nc3 d6 6. Bg5 e6 7. Qd2 a6 8. O-O-O Bd7 9. f4 Be7 10. Nf3 b5 11. e5 b4 12. exf6 bxc3 13. Qxc3 gxf6 14. f5 d5 15. fxe6 fxe6 16. Bh4 Nb4 17. Kb1 Rc8 18. Qd2 Rxc2 19. Qh6 Qa5 20. a3 Qa4 21. Qh5+ Kd8 22. Nd4 Be8 23. Qf3 Bg6 24. Ka1 e5 25. Nf5 Rxb2 26. Bc4 Bxf5 27. Kxb2 Qc2+ 28. Ka1 Qxc4 29. axb4 Be4 30. Qa3 Bxb4 31. Bxf6+ Kd7 32. Qh3+ Kd6 33. Rc1 Qd4+ 34. Ka2 Rb8 35. Be7+ Kxe7 36. Rc7+ Kf8 37. Qh6+ Ke8 38. Qe6+ 1-0

[Event "Porto San Giorgio"]
[Site "?"]
[Date "2006.08.23"]
[Round "3"]
[White "Collutiis Duilio"]
[Black "Palac Mladen"]
[Result "1/2-1/2"]
[WhiteElo "2404"]
[BlackElo "2584"]
[PlyCount "71"]
[EventDate "2006.??.??"]
[Source "www.chesslib.no"]
[SourceDate "2004.05.04"]

1. e4 c5 2. Nf3 Nc6 3. d4 cxd4 4. Nxd4 Nf6 5. Nc3 d6 6. Bg5 e6 7. Qd2 Be7 8. O-O-O a6 9. f4 Bd7 10. Kb1 h6 11. Bh4 b5 12. Bxf6 Bxf6 13. Nxc6 Bxc6 14. Qxd6 Qxd6 15. Rxd6 Rc8 16. e5 Be7 17. Rd2 g5 18. Bd3 gxf4 19. Be4 Bb4 20. Rd3 Bxc3 21. Rxc3 Bd7 22. Rxc8+ Bxc8 23. Rd1 Rg8 24. Bf3 Rg5 25. Re1 Ke7 26. h4 Rg7 27. Kc1 f6 28. a4 bxa4 29. exf6+ Kxf6 30. Re4 Kf5 31. Rxa4 Bb7 32. Kd2 e5 33. Ra5 Bxf3 34. gxf3 Rg2+ 35. Ke1 Rxc2 36. Rxa6 1/2-1/2

[Event "Balatonlelle 85/195"]
[Site "?"]
[Date "2002.??.??"]
[Round "?"]
[White "Balogh, Cs"]
[Black "Greenfeld, A."]
[Result "0-1"]
[WhiteElo "2413"]
[BlackElo "2574"]
[PlyCount "56"]
[EventDate "2002.??.??"]
[Source "Chess Informant"]
[SourceDate "2002.06.01"]

1. e4 c5 2. Nf3 d6 3. d4 cxd4 4. Nxd4 Nf6 5. Nc3 Nc6 6. Bg5 e6 7. Qd2 a6 8. O-O-O Bd7 9. f4 Be7 10. Nf3 b5 11. Bd3 b4 12. Ne2 a5 13. Kb1 a4 14. e5 dxe5 15. fxe5 Nd5 16. Be4 b3 17. Bxd5 Bxg5 18. Nxg5 exd5 19. Nxf7 Kxf7 20. Qxd5+ Ke8 21. e6 bxc2+ 22. Ka1 cxd1=Q+ 23. Rxd1 Ra7 24. exd7+ Rxd7 25. Qxc6 Rf8 26. Nd4 Rf6 27. Ne6 Ke7 28. Nd4 Rxd4 0-1